Vplyv pandémie COVID-19 na vybrané makroekonomické indikátory na Slovensku diplomová práca

Enregistré dans:
Détails bibliographiques
Auteur principal: Okasová, Karin
Collectivité auteur: Fakulta hospodárskej informatiky EU. Katedra štatistiky
Autres auteurs: Hurbánková, Ľubica, 1980-
Format: Livre
Langue:slovaque
Publié: Bratislava 2024
Tags: Ajouter un tag
Pas de tags, Soyez le premier à ajouter un tag!

MARC

LEADER 00000nbm a2200000 4500
001 0301168
005 20250130092712.9
041 0 |a slo 
044 |a SK 
245 1 0 |a Vplyv pandémie COVID-19 na vybrané makroekonomické indikátory na Slovensku  |b diplomová práca  |c Karin Okasová ; školiteľ: Ľubica Hurbánková 
264 1 |a Bratislava  |c 2024 
300 |a 65 s. 
100 1 |a Okasová, Karin 
700 1 |a Hurbánková, Ľubica, 1980- 
710 2 |a Fakulta hospodárskej informatiky EU. Katedra štatistiky